00331nam a2200133Ia 45000030006000000080041000060400015000471000016000622450042000782600044001203000006001645460010001700050017001800STCL150530s9999 xx 000 0 und d aSTCLcSTCL aPrabhat C L aHindi Bhasha Sahithya Evam Sanskrithi bBambai Hindi Vidhya Peed ; Bombayc1988 a0 aHindi20220125171312.0